000 00407nam a22001577a 4500
999 _c1071
_d1071
008 200109b ||||| |||| 00| 0 eng d
082 0 0 _a623.8245
_bP9862
100 _9640
_aPursey, H. J.
245 1 0 _aMerchant ship construction
_cby H J Pursey
250 _a2nd
260 _aGlasgow
_bBrown ,Son & Ferguson
_c1952
300 _axiv,221p.
365 _d18.02
650 0 _aNaval Architecture
942 _cBK